| 000 | 00905nam a22002297a 4500 | ||
|---|---|---|---|
| 999 |
_c11812 _d11812 |
||
| 003 | AR-CdUCM | ||
| 008 | 190405b ||||| |||| 00| 0 spa d | ||
| 040 |
_aMUNICIPALIDAD PROVINCIAL DEL CUSCO _cBIBLIOTECA MUNICIPAL DEL CUSCO |
||
| 082 |
_a868.54 / _bH22 / 1851 |
||
| 100 |
_aHartzenbusch, J. E. _929365 |
||
| 245 |
_aObras poéticas : _bJosé de Espronceda; ordenadas y anotadas / |
||
| 260 |
_aParís : _bBaudry, _c1851. |
||
| 300 |
_a291 páginas ; _c21 cm. |
||
| 440 |
_aColección de los autores españoles ; _929366 |
||
| 500 | _aObservaciones: Faltan las páginas del 201 al 290. | ||
| 505 | _aContenido: El Pelayo, ensayo épico -- Poesías líricas -- El estudiante de salamanca, cuento -- El diablo mundo, poema. | ||
| 650 |
_aPoesías españolas _92005 |
||
| 650 |
_aPoesías líricas españolas _929367 |
||
| 650 |
_aSiglo XIX. _9971 |
||
| 942 |
_2ddc _cLIBROS |
||
| 945 |
_aacv _d05/04/2019 |
||